zpět

Detail výsledku týmu

Pivní ambasáda, Pardubice

Datum a čas kvízu

33.5 Celkem bodů Celkový počet nahraných bodů na tomto kvízu bez doplňovacích otázek.
3. Pořadí na kvízu Konečné umístění týmu na tomto kvízu.

Zaznamenané odpovědi

# Otázka Odpověď Body Výsledky
1. Která česká zoologická zahrada... Zoo Plzeň 0
2. Americký ministr zdravotnictví... D 0
3. Ve čtvrtek vyšel trailer na no... bude černobílá 0
4. V pondělí byl vládou zrušen od... NERV (Národní ekonomická rada vlády) 1
5. 41letý americký basketbalista... LeBron James 1
6. Hned v úvodu bod rozdělíme: za... Ulánbátar; Altaj 1
7. Mongolština může být zapisován... cyrilice (azbuka) 1
8. Jak se jmenuje hudební skupina... The Hu 1
9. Které náboženství je v Mongols... buddhismus (lamaismus) 1
10. Do Mongolska zasadila děj svéh... babičce 1